<?xml version="1.0" encoding="UTF-8"?><?xml-stylesheet type="text/xsl" href="static/style.xsl"?><OAI-PMH xmlns="http://www.openarchives.org/OAI/2.0/" xmlns:xsi="http://www.w3.org/2001/XMLSchema-instance" xsi:schemaLocation="http://www.openarchives.org/OAI/2.0/ http://www.openarchives.org/OAI/2.0/OAI-PMH.xsd"><responseDate>2026-04-13T18:24:38Z</responseDate><request verb="GetRecord" identifier="oai:www.recercat.cat:2117/178723" metadataPrefix="marc">https://recercat.cat/oai/request</request><GetRecord><record><header><identifier>oai:recercat.cat:2117/178723</identifier><datestamp>2025-07-22T23:18:42Z</datestamp><setSpec>com_2072_1033</setSpec><setSpec>col_2072_452951</setSpec></header><metadata><record xmlns="http://www.loc.gov/MARC21/slim" xmlns:dcterms="http://purl.org/dc/terms/" xmlns:xsi="http://www.w3.org/2001/XMLSchema-instance" xmlns:doc="http://www.lyncode.com/xoai" xsi:schemaLocation="http://www.loc.gov/MARC21/slim http://www.loc.gov/standards/marcxml/schema/MARC21slim.xsd">
   <leader>00925njm 22002777a 4500</leader>
   <datafield ind2=" " ind1=" " tag="042">
      <subfield code="a">dc</subfield>
   </datafield>
   <datafield ind2=" " ind1=" " tag="720">
      <subfield code="a">Parra Morillo, Alicia</subfield>
      <subfield code="e">author</subfield>
   </datafield>
   <datafield ind2=" " ind1=" " tag="260">
      <subfield code="c">2019-09-30</subfield>
   </datafield>
   <datafield ind2=" " ind1=" " tag="520">
      <subfield code="a">El present projecte tracta del disseny estructural i mecànic d'un kart propulsat totalment per energia elèctrica i seguint tota la normativa vigent en referència a les competicions del karting elèctric existents. El que es vol aconseguir amb el projecte és poder dissenyar un kart el qual es pugui construir en un futur amb els components especificats i tenint una idea del pressupost necessari per portar-lo a terme. També es vol veure els diferents elements dels quals està compost i quina és la importància de cadascú. El kart que es dissenyarà serà amb especificacions estàndards, és a dir, no es dissenyarà per a una pista específica sinó que es crearà un vehicle base amb reglatges bàsics. Per a la realització del projecte, primerament es plantejarà l'estudi dels components realitzat, així com les eleccions dels components que millor encaixen segons els objectius marcats. A continuació es realitzarà el disseny dels components i dels sistemes de propulsió i direcció amb el posterior modelatge de cadascun dels components. El projecte finalitzarà amb un estudi estàtic i en ordre de marxa per determinar la resistència i les prestacions vehiculars del mateix.</subfield>
   </datafield>
   <datafield tag="653" ind2=" " ind1=" ">
      <subfield code="a">Àrees temàtiques de la UPC::Enginyeria mecànica::Disseny i construcció de vehicles</subfield>
   </datafield>
   <datafield tag="653" ind2=" " ind1=" ">
      <subfield code="a">Karting</subfield>
   </datafield>
   <datafield tag="653" ind2=" " ind1=" ">
      <subfield code="a">Electric vehicles--Design and construction</subfield>
   </datafield>
   <datafield tag="653" ind2=" " ind1=" ">
      <subfield code="a">Kart elèctric</subfield>
   </datafield>
   <datafield tag="653" ind2=" " ind1=" ">
      <subfield code="a">Motorsport</subfield>
   </datafield>
   <datafield tag="653" ind2=" " ind1=" ">
      <subfield code="a">e-Racing</subfield>
   </datafield>
   <datafield tag="653" ind2=" " ind1=" ">
      <subfield code="a">Kàrting</subfield>
   </datafield>
   <datafield tag="653" ind2=" " ind1=" ">
      <subfield code="a">Vehicles elèctrics -- Disseny i construcció</subfield>
   </datafield>
   <datafield ind2="0" ind1="0" tag="245">
      <subfield code="a">Disseny i modelat d'un kart elèctric per a la competició</subfield>
   </datafield>
</record></metadata></record></GetRecord></OAI-PMH>